| 000 | 01108nam a2200289 i 4500 | ||
|---|---|---|---|
| 003 | DO-SdBNP | ||
| 005 | 20250805135658.0 | ||
| 007 | ta | ||
| 008 | 250805s2018 dr 000 0 spa d | ||
| 020 | _a9789945590913 | ||
| 040 |
_aDO-SdBNP _bspa _cBNPHU _erda |
||
| 082 | 4 |
_axxxx _bD252 _222 |
|
| 100 | 1 |
_aDavidson, Christina C. _eautora _4aut. _987997 |
|
| 245 | 1 | 3 |
_aAnalysis of evangelical christianity in the dominican republic : _bfocus on two historical protestant churches: The African methodist episcopal church and the dominican evangelical church / _cChristina C. Davidson |
| 264 |
_aSanto Domingo : _bFundación Global Democracia y Desarrollo, _c2018. |
||
| 300 |
_a63 páginas ; _c21 cm. |
||
| 336 |
_atexto _btxt _2rdacontent |
||
| 337 |
_asin mediación _bn _2rdamedia |
||
| 338 |
_avolumen _bnc _2rdacarrier |
||
| 490 | 1 |
_aResearch and ideas _aHistory |
|
| 500 | _aIncluye notas a pie de páginas. | ||
| 500 | _aIncluye datos biografícos de la autora en la página 57. | ||
| 504 | _aBibliografía p: 53-55. | ||
| 590 | _aInventariado, 2025/ YL | ||
| 910 | _aYLockward | ||
| 942 |
_2ddc _cLBS1 |
||
| 999 |
_c59729 _d59729 |
||